Eurovision 2018 : classement - Statistiques

Statistiques générales
  • Ce quiz a été pris 257 fois
  • Le résultat moyen est 23 sur 26
Statistiques - réponses
Classement Pays % Correct
13 France
99%
4 Allemagne
96%
23 Espagne
96%
5 Italie
96%
1 Israël
95%
24 Royaume-Uni
95%
7 Suède
95%
15 Norvège
94%
26 Portugal
94%
25 Finlande
93%
3 Autriche
91%
2 Chypre
91%
8 Estonie
87%
9 Danemark
86%
12 Lituanie
85%
14 Bulgarie
84%
22 Slovénie
84%
17 Ukraine
84%
16 Irlande
83%
6 Tchéquie / République tchèque
83%
19 Serbie
81%
21 Hongrie
79%
10 Moldavie
78%
18 Pays-Bas
78%
20 Australie
76%
11 Albanie
75%
Aucun quiz correspondant
Distribution des résultats
% des personnes avec chaque résultat
Percentile par nombre de réponses
Votre historique - résultats
Vous n’avez pas pris ce quiz